00686nam a22002057a 450000500170000001000130001702000230003003500130005303700160006604000120008208200180009410000170011224501240012926000310025327000560028430000250034050000190036565000550038465000410043920170124110227.0 aA-710492 c180.00a8185070156 aA-710492 bCen Lib/Ret aDPLbEN a954.0841bGUP aGupta, S. N. aHistory of the national movement :cby S. N. Guptabincluding controversy on thirty pages of Maulana Abdul Kalam Azad / aAgrabY.K.Publishersc1989 a8, Parasuram Nagar, ShahganjbUttar Pradeshe282010 aviii,188p.c21cm(Hb) aIncludes index aAzad Abulkalam -- 1888-1958. -- India wins freedom aPolitics and government -- 1919-1947